Kabale University Library Catalogue

Organic chemistry / (Record no. 5843)

MARC details
000 -LEADER
fixed length control field 00694cam a22002298i 4500
003 - CONTROL NUMBER IDENTIFIER
control field OSt
005 - DATE AND TIME OF LATEST TRANSACTION
control field 20260305195518.0
008 - FIXED-LENGTH DATA ELEMENTS--GENERAL INFORMATION
fixed length control field 201014s2021 nju b 001 0 eng c
020 ## - INTERNATIONAL STANDARD BOOK NUMBER
International Standard Book Number 9781119820833
020 ## - INTERNATIONAL STANDARD BOOK NUMBER
International Standard Book Number 9781119820840
Qualifying information (ePub)
020 ## - INTERNATIONAL STANDARD BOOK NUMBER
Canceled/invalid ISBN 9781119820857
Qualifying information (epdf)
040 ## - CATALOGING SOURCE
Original cataloging agency KABLIB
Language of cataloging eng
Description conventions rda
Transcribing agency KABLIB
082 00 - DEWEY DECIMAL CLASSIFICATION NUMBER
Classification number 547
Edition number 23
Item number KLE
100 1# - MAIN ENTRY--PERSONAL NAME
Personal name Klein, David
9 (RLIN) 14741
245 10 - TITLE STATEMENT
Title Organic chemistry /
Statement of responsibility, etc. David Klein.
250 ## - EDITION STATEMENT
Edition statement 4th ed.
264 #1 - PRODUCTION, PUBLICATION, DISTRIBUTION, MANUFACTURE, AND COPYRIGHT NOTICE
Place of production, publication, distribution, manufacture Hoboken, NJ :
Name of producer, publisher, distributor, manufacturer Wiley,
Date of production, publication, distribution, manufacture, or copyright notice c2022
300 ## - PHYSICAL DESCRIPTION
Extent xix, 1296 p. :
Other physical details col. ill. ;
Dimensions 28 cm.
504 ## - BIBLIOGRAPHY, ETC. NOTE
Bibliography, etc. note Includes bibliographical references, appendix, glossary, index.
650 #0 - SUBJECT ADDED ENTRY--TOPICAL TERM
Topical term or geographic name entry element Chemistry, Organic
Form subdivision Textbooks.
9 (RLIN) 14742
942 ## - ADDED ENTRY ELEMENTS (KOHA)
Source of classification or shelving scheme Dewey Decimal Classification
Koha item type Book
Holdings
Withdrawn status Lost status Source of classification or shelving scheme Damaged status Not for loan Home library Current library Shelving location Date acquired Source of acquisition Total Checkouts Full call number Barcode Date last seen Price effective from Koha item type
    Dewey Decimal Classification     Education Library Education Library Open Access Section 27.11.2025 Purchased   547 KLE 14028 27.11.2025 27.11.2025 Book
    Dewey Decimal Classification     Education Library Education Library Open Access Section 27.11.2025 Purchased   547 KLE 14029 27.11.2025 27.11.2025 Book
    Dewey Decimal Classification     Education Library Education Library Open Access Section 05.03.2026 Purchased   547 KLE 14775 05.03.2026 05.03.2026 Book
    Dewey Decimal Classification     Education Library Education Library Open Access Section 05.03.2026 Purchased   547 KLE 14776 05.03.2026 05.03.2026 Book
    Dewey Decimal Classification     Education Library Education Library Open Access Section 05.03.2026 Purchased   547 KLE 14777 05.03.2026 05.03.2026 Book

Kabale University Library | Kabale University P.O Box 317, Kabale, Uganda
Tel : +256754017033, +256774661503 E-mail : library@kab.ac.ug